| 000 | 00694nam a2200193 a 4500 | ||
|---|---|---|---|
| 005 | 20250529063820.0 | ||
| 008 | 991125s1976 mx 000 0 spa u | ||
| 035 | _aUPN01000022860 | ||
| 049 | _aCE | ||
| 050 | 4 |
_aZ675 H7 _bC6.3 |
|
| 110 | 2 |
_aConsejo Nacional de Ciencia y Tecnología (México). _bDepartamento de Sistemas de Información |
|
| 245 | 1 | 0 |
_aEstudio para la reorganización de la biblioteca del Hospital Infantil de México / _cCONACYT, Departamento de Sistemas de Información. |
| 260 |
_aMéxico : _bCONACYT, _c1976. |
||
| 300 | _a60 h. | ||
| 500 | _aFotocopia | ||
| 650 | 4 |
_aBIBLIOTECAS DE HOSPITALES _92962 |
|
| 650 | 2 |
_aBibliotecas - _xAdministración _98821 |
|
| 905 | _aLibro | ||
| 999 |
_c22860 _d22860 |
||